000 00436nam a2200181Ia 4500
005 20240823054508.0
008 240823s9999||||xx |||||||||||||| ||und||
041 _aENGLISH
082 _A621.381503 M9
100 _a"Graf,Rudolf F"
245 4 _aThe Encyclopedia of Electronic Circuits
250 _a1st
260 _c1989
_b"BPB,New Delhi"
500 _aYES
650 _aCircuits
_bElectronics
942 _cBK
999 _c226588
_d226588